=LDR 00000nam 2200000 4500 =001 INLIS000000000010042 =005 20130612101759 =008 ***********************************ind** =035 ##$$0010-061300000010042 =041 ##$$a ind =082 ##$$a 028.5 =090 ##$$a 028.5, Ber k =100 ##$$a Bertino, Andree =245 ##$$a Balap dari Peking ke Paris, Andree Bertino =260 ##$$a 1995 $b Jakarta =300 ##$$a 24 hlm, ilus, 19 cm =650 ##$$a bacaan anak-anak =850 ##$$a NBPNMAT